Stadt zu Land #25 - Statistiken

Allgemein
  • Dieses Quiz wurde 167 mal gespielt
  • Das Durchschnittsergebnis liegt bei 11 aus 15
Antwortstatistiken
Stadt Land % Korrekt
Lyon Frankreich
99%
Göteborg Schweden
96%
Phoenix Vereinigte Staaten
96%
Posen Polen
95%
Valletta Malta
92%
Riad Saudi Arabien
85%
Taipei Taiwan
85%
Irkutsk Russland
84%
Turku Finnland
82%
Helsingør Dänemark
77%
Colombo Sri Lanka
61%
Medellin Kolumbien
58%
Bandung Indonesien
47%
Honiara Salomonen
35%
Pokhara Nepal
9%
Keine übereinstimmenden Quizze gefunden
Verteilung der Resultate
Anzahl Personen mit jedem Resultat
Perzentil nach korrekt beantworteten Fragen
Ihre Resultats-Entwicklung
Sie haben dieses Quiz noch nicht gespielt